00512nam a2200193 a 4500001001300000003000900013005001700022008004100039020001100080082001800091100001800109245005900127260003700186300000900223500003500232505001000267650002300277700001800300nice12345678IN_TiNIC20260116011904.0050524s1942 laha grp 000 0 eng  ac12.500a297.1977bSHE aSherwani, H K aStudies in Muslim Political Thought and Administration aLahorebSh.Muhammad Ashrafc1942 a294p aincludes index and biblioraphy2 aIndex aIslam and Politics1 aSherwani, H K